00567nam a2200157 a 450000100100000000500170001000800410002704000250006808200150009310000200010824500330012826001290016130000270029050000620031750400300037900002597420200930024209.0110225s2001 dr a 000 0 spa d aDO-SdBNPbspacBNPHU axxxbC824m1 aCorrea, Alberto10aMatefobia /cAlberto Correa. aSanto Domingo :bSecretaría de Estado de Educaión ;bSegundo Programa de Mejoramiento de la Educación Básica,c2001. a47 p. :bil. ;c22 cm. aIncluye datos biográficos del autor en la contraportada aBibliografía : p. 35-47